000 01769nam a2200277Ia 4500
999 _c36530
_d36530
001 2448
003 GE_BSU
005 20250331141210.0
008 181216s1985||||ge |||||||||||||| ||geo||
040 _cGE_BSU
041 _ageo
080 _a811.353.1 ს–298
100 _aსარჯველაძე, ზურაბ
_924721
245 _aსავარჯიშო მასალა ძველ ქართულ ენასა და პალეოგრაფიაში :
_b I ასომთავრული /
_c ზურაბ სარჯველაძე; რედ. ა ღლონტი; საქ. სსრ უმაღლ. და საშ. სპეც. განათლ. სამინისტროს უმაღლ. განათლ. სამეცნ. მეთოდ. კაბ-ტი.
264 _aთბ. :
_bთბილ. უნ-ტის გამ-ბა,
_c1985.
300 _a140 გვ.;
_b21სმ.
541 _h5 ლ.
653 _aიოანე ზოსიმე
653 _aძველი ქართული ენა
653 _aსაქართველოს პალეოგრაფია
653 _aქართული ასომთავრული დამწერლობა
700 _aღლონტი, ა.
_eრედაქტორი
_916233
710 _aსაქ. სსრ უმაღლ. და საშ. სპეც. განათლ. სამინისტროს უმაღლ. განათლ. სამეცნ. მეთოდ. კაბ-ტი.
_924722
856 _uhttps://dspace.nplg.gov.ge/bitstream/1234/532655/1/SavarjishoMasalaDzvelQartulEnasaDaPaleografiashi_1985.pdf
_yელ. ვერსია
942 _cBK
_2udc